| 000 | 00718nas1a22002291i 4500 | ||
|---|---|---|---|
| 001 | RU\NLR\Per\655841 | ||
| 005 | 20260408192440.0 | ||
| 035 | _a(NLR Aleph) 002905032 | ||
| 090 |
_a3486712 _c3486712 |
||
| 100 | _a20100204a20049999|||y0rusy50 ca | ||
| 101 | 0 | _arus | |
| 102 | _aRU | ||
| 110 | _aah||||||||| | ||
| 200 | 1 |
_aЙорки _eтвоя собака - твой стиль |
|
| 210 |
_a[Москва] _cЙорки _d2005 - |
||
| 606 |
_aЙоркширские терьеры _jПериодические издания _3RU\NLR\AUTH\661300508 _92160959 |
||
| 686 | 1 | _aП673,39йоркширский терьер я52 | |
| 852 |
_aNLR _jП14/1203 |
||
| 942 | _cJOURNAL | ||
| 980 | _aRUSPER | ||